02223cam a22003374a 4500999001700000001000900017005001700026008004100043010001700084020003100101020002800132035002400160040005400184042000800238043001200246050002400258100003800282245040100320250001200721260005500733300004100788504004100829505036500870520033201235650004801567650004201615650003501657650003401692942003501726952012401761 c18701d187011632416020170113162956.0100709s2011 nyua b 000 0 eng  a 2010029061 a9781568989969 (alk. paper) a1568989962 (alk. paper) a(OCoLC)ocn647773629 aDLCcDLCdYDXdYDXCPdCDXdSINLBdOSUdUKWOHdDLC apcc aa-ja---00aNA1555.6b.B76 20111 aBrownell, Blaine Erickson,d1970-10aMatter in the floating world :bconversations with leading Japanese architects and designers : Hitoshi Abe, Tadao Ando, Jun Aoki, Masayo Ave, Shigeru Ban, Shuhei Endo, Terunobu Fujimori, Kenya Hara, Erika Horiki, Sachiko Kodama, Kengo Kuma, Toyo Ito, Oki Sato, Kazuyo Sejima, Reiko Sudo, Takaharu Tezuka, Akira Wakita, Makoto Sei Watanabe, Yasuhiro Yamashita, Tokujin Yoshioka /cBlaine Brownell. a1st ed. aNew York :bPrinceton Architectural Press,cc2011. a256 p. :bill. (some col.) ;c25 cm. aIncludes bibliographical references.0 aLightness: Takaharu Tezuka -- Kengo Kuma -- Yasuhiro Yamashita -- Oki Sato -- Shigeru Ban -- Atmosphere: Kenya Hara -- Kazuyo Sejima -- Tadao Ando -- Eriko Horiki -- Terunobu Fujimori -- Flow: Jun Aoki -- Hitoshi Abe -- Shuhei Endo -- Reiko Sudo -- Sachiko Kodama -- Emergence: Toyo Ito -- Makoto Sei Watanabe -- Akira Wakita -- Tokujin Yoshioka -- Masayo Ave.8 aOften, the work of Japanese designers is not fully understood by western designers because it has not been explained in its full context. 'Matter in the Floating World' aims to correct this by presenting interviews with twenty leading Japanese architects and designers, in which they explain their work, ideas and inspirations. 0aArchitecturezJapanxHistoryy21st century. 0aDesignzJapanxHistoryy21st century. 0aArchitectszJapanvInterviews. 0aDesignerszJapanvInterviews. 2lcccBOOKShNA1555.6 .B76 2011 00102lcc4070aMUCbMUCcTECHd2017-01-13eDonation(BFA)l0oNA1555.6 .B76 2011p29419r2018-07-04w2017-01-13yBOOKS